00538nam a2200169Ia 4500003000900000008004100009040001300050040001300063041000800076100001900084245003600103300000800139490000600147942000700153999001700160952019100177IT-RoPAU120407s9999 xx 000 0 und d aIT-RoPAU cIT-RoPAU afra aJean Lhermitte aReflexions sur la Psychanalyse. c cm v1 cBK c15561d15561 00102ddc4061_200000000000000_3671aPAULUSbPAULUSd2012-04-11l0o1.2.36r2012-04-11 00:00:00w2012-04-11yBKzInserito da: LuigiG In data: 11 ottobre 2011 fondo: Fanella Progr:30756